Fernsehen: Deutsche Serien aus den 80ern - Statistiken

Allgemein
  • Dieses Quiz wurde 602 mal gespielt
  • Das Durchschnittsergebnis liegt bei 11 aus 16
Antwortstatistiken
Serie % Korrekt
Die {Schwarzwald}klinik
94%
Meister Eder und sein {Pumuckl}
94%
Mit Leib und {Seele}
88%
Ich heirate eine {Familie}
80%
Der Land{arzt}
76%
Forsthaus {Falkenau}
73%
Drei Damen vom {Grill}
69%
Ein Heim für {Tiere}
67%
{Praxis} Bülowbogen
64%
Liebling {Kreuzberg}
61%
Monaco {Franze}
59%
Zwei Münchner in {Hamburg}
59%
Diese {Drombuschs}
50%
Rivalen der {Rennbahn}
49%
Das Erbe der {Guldenburgs}
45%
Die {Wicherts} von nebenan
43%
Keine übereinstimmenden Quizze gefunden
Verteilung der Resultate
Anzahl Personen mit jedem Resultat
Perzentil nach korrekt beantworteten Fragen
Ihre Resultats-Entwicklung
Sie haben dieses Quiz noch nicht gespielt